[Event "Tasnad Orasului Cup"]
[Site "Tasnad"]
[Date "2021.09.12"]
[Round "7"]
[White "Ilonczai, Levente David"]
[Black "Coroian, Sebastian Dumitru"]
[Result "1/2-1/2"]
[WhiteElo "2057"]
[BlackElo "2034"]
[PlyCount "57"]
[EventDate "2021.09.09"]
[EventType "swiss"]
[EventRounds "7"]
[EventCountry "ROU"]
[SourceTitle "CBM 204 Extra"]
[Source "ChessBase"]
[SourceDate "2021.11.30"]
[SourceVersion "1"]
[SourceVersionDate "2021.11.30"]
[SourceQuality "1"]

1. d4 d5 2. Bf4 Nf6 3. e3 e6 4. c4 Be7 5. Nc3 0-0 6. cxd5 Nxd5 7. Nxd5 exd5 8. Qb3 c5 9. Nf3 Nc6 10. Be2 c4 11. Qc2 Nb4 12. Qd1 Bf5 13. 0-0 b5 14. Ne5 f6 15. Nf3 Nd3 16. Nh4 Nxf4 17. exf4 Be6 18. f5 Bf7 19. Bh5 b4 20. Bxf7+ Rxf7 21. Qf3 Rc8 22. Rac1 a5 23. g3 Bf8 24. Ng2 Qd7 25. Rfe1 c3 26. b3 Re7 27. Rxe7 Bxe7 28. Ne3 Rd8 29. h4 1/2-1/2

[Event "Tasnad Orasului Cup"]
[Site "Tasnad"]
[Date "2021.09.12"]
[Round "6"]
[White "Turlea, Constantin"]
[Black "Ilonczai, Levente David"]
[Result "0-1"]
[WhiteElo "1907"]
[BlackElo "2057"]
[PlyCount "66"]
[EventDate "2021.09.09"]
[EventType "swiss"]
[EventRounds "7"]
[EventCountry "ROU"]
[SourceTitle "CBM 204 Extra"]
[Source "ChessBase"]
[SourceDate "2021.11.30"]
[SourceVersion "1"]
[SourceVersionDate "2021.11.30"]
[SourceQuality "1"]

1. d4 d5 2. Nf3 e6 3. Bf4 Bd6 4. Bg3 Nf6 5. e3 Nc6 6. Nbd2 Qe7 7. Ne5 Bxe5 8. dxe5 Nd7 9. Bb5 0-0 10. Bxc6 bxc6 11. 0-0 a5 12. a4 Qb4 13. b3 Ba6 14. Re1 c5 15. Rc1 c4 16. bxc4 Bxc4 17. c3 Qc5 18. Nxc4 Qxc4 19. Qd4 Nc5 20. Ra1 Nb3 21. Qxc4 dxc4 22. Rad1 Rfd8 23. Bh4 Rd3 24. Rxd3 cxd3 25. e4 h6 26. f3 Ra6 27. Re3 d2 28. Rd3 Rc6 29. Rd8+ Kh7 30. Kf1 Rc4 31. Rd7 Kg6 32. Bf2 c5 33. Be3 Rxa4 0-1

[Event "Tasnad Orasului Cup"]
[Site "Tasnad"]
[Date "2021.09.11"]
[Round "5"]
[White "Ilonczai, Levente David"]
[Black "Helmer, Janos"]
[Result "1-0"]
[WhiteElo "2057"]
[BlackElo "1992"]
[PlyCount "89"]
[EventDate "2021.09.09"]
[EventType "swiss"]
[EventRounds "7"]
[EventCountry "ROU"]
[SourceTitle "CBM 204 Extra"]
[Source "ChessBase"]
[SourceDate "2021.11.30"]
[SourceVersion "1"]
[SourceVersionDate "2021.11.30"]
[SourceQuality "1"]

1. e4 c5 2. Nf3 e6 3. d4 cxd4 4. Nxd4 a6 5. Bd3 Qc7 6. 0-0 Nc6 7. Nxc6 bxc6 8. c4 Nf6 9. Nc3 Be7 10. Re1 d6 11. f4 Nd7 12. Kh1 Bf6 13. Qc2 h6 14. b3 0-0 15. Bb2 Bb7 16. Rad1 c5 17. Qd2 Bd4 18. Bb1 e5 19. Nd5 Qd8 20. Bxd4 cxd4 21. b4 Re8 22. Rf1 Rc8 23. Qd3 a5 24. a3 axb4 25. axb4 Nf8 26. fxe5 dxe5 27. Qf3 f6 28. c5 Kh8 29. Rc1 Ne6 30. Bd3 Ng5 31. Qf5 Bxd5 32. exd5 e4 33. Ba6 Ra8 34. Bb7 Rb8 35. c6 Qb6 36. d6 Nf7 37. d7 Re5 38. Qg6 Qc7 39. Qxf7 Rd8 40. b5 Rxb5 41. Qe8+ Kh7 42. Qxe4+ f5 43. Rxf5 Rxf5 44. Qxf5+ Kh8 45. Ba6 1-0

[Event "Tasnad Orasului Cup"]
[Site "Tasnad"]
[Date "2021.09.10"]
[Round "2"]
[White "Cosma, Ioan"]
[Black "Ilonczai, Levente David"]
[Result "1-0"]
[WhiteElo "2397"]
[BlackElo "2057"]
[PlyCount "79"]
[EventDate "2021.09.09"]
[EventType "swiss"]
[EventRounds "7"]
[EventCountry "ROU"]
[SourceTitle "CBM 204 Extra"]
[Source "ChessBase"]
[SourceDate "2021.11.30"]
[SourceVersion "1"]
[SourceVersionDate "2021.11.30"]
[SourceQuality "1"]

1. d4 d5 2. c4 e6 3. Nf3 Nf6 4. g3 dxc4 5. Qa4+ Bd7 6. Qxc4 Bc6 7. Bg2 Nbd7 8. Nc3 Bd6 9. 0-0 0-0 10. Bf4 Bxf4 11. gxf4 Nd5 12. e3 Nxc3 13. Qxc3 Bxf3 14. Bxf3 c6 15. Kh1 Nf6 16. Rg1 Rc8 17. Rg5 h6 18. Rg3 Kh8 19. Rag1 Rg8 20. b4 Nd5 21. Qd2 Qd6 22. a3 b6 23. Qd3 Ra8 24. f5 e5 25. dxe5 Qxe5 26. b5 Rac8 27. bxc6 Ne7 28. Qc4 Nxf5 29. Rh3 Rc7 30. Rd1 Rgc8 31. Rh5 g6 32. Rh3 Kg7 33. Bd5 Ne7 34. Rf3 Nxd5 35. Rxd5 Qa1+ 36. Kg2 Rxc6 37. Rxf7+ Kg8 38. Qf4 Rc5 39. Rxa7 Rf8 40. Qxf8+ 1-0

[Event "ROM-ch U20"]
[Site "Mamaia"]
[Date "2021.04.11"]
[Round "6"]
[White "Ilonczai, Levente David"]
[Black "Szocs, Teodor Iulian"]
[Result "1-0"]
[WhiteElo "2044"]
[BlackElo "2013"]
[PlyCount "97"]
[EventDate "2021.04.07"]
[EventType "swiss"]
[EventRounds "9"]
[EventCountry "ROU"]
[SourceTitle "EXT 2022"]
[Source "ChessBase"]
[SourceDate "2021.10.06"]
[SourceVersion "1"]
[SourceVersionDate "2021.10.06"]
[SourceQuality "1"]

1. e4 c6 2. d4 d5 3. exd5 cxd5 4. c4 Nf6 5. Nc3 Nc6 6. cxd5 Nxd5 7. Nf3 e6 8. a3 Be7 9. Bd3 0-0 10. h4 f5 11. Bc4 Nb6 12. Bb5 Bf6 13. Bxc6 bxc6 14. Bg5 Ba6 15. Qc2 Rb8 16. Ne2 Qd5 17. Nc3 Qd6 18. Bxf6 gxf6 19. Ne2 Nc4 20. b4 Qd5 21. Nc3 Qd6 22. 0-0 Kh8 23. Rfe1 Rg8 24. Ne2 Rg7 25. Kh1 Rbg8 26. Rg1 Rg4 27. Rad1 Qd5 28. Qc3 Nd6 29. Ng3 Ne4 30. Nxe4 fxe4 31. Nh2 Rxh4 32. Qc5 Qxc5 33. dxc5 Bd3 34. g3 Rh5 35. Kg2 Rg6 36. Rge1 Rf5 37. Nf1 h5 38. Ne3 Rfg5 39. Rh1 Be2 40. Rd8+ Rg8 41. Rxg8+ Kxg8 42. Re1 Bf3+ 43. Kh3 Rg7 44. Nc4 f5 45. Ne5 Bg4+ 46. Kh4 Re7 47. Kg5 Kf8 48. Kf6 Ke8 49. Nxg4 1-0

[Event "ROM-ch U20"]
[Site "Mamaia"]
[Date "2021.04.07"]
[Round "1"]
[White "Ileana, George"]
[Black "Ilonczai, Levente David"]
[Result "1-0"]
[WhiteElo "2344"]
[BlackElo "2044"]
[PlyCount "41"]
[EventDate "2021.04.07"]
[EventType "swiss"]
[EventRounds "9"]
[EventCountry "ROU"]
[SourceTitle "EXT 2022"]
[Source "ChessBase"]
[SourceDate "2021.10.06"]
[SourceVersion "1"]
[SourceVersionDate "2021.10.06"]
[SourceQuality "1"]

1. e4 c5 2. Nf3 d6 3. g3 e5 4. Bg2 g6 5. c3 Bg7 6. 0-0 Ne7 7. d4 0-0 8. a4 cxd4 9. cxd4 Nec6 10. Bg5 Qb6 11. d5 Na5 12. Na3 Bd7 13. Nd2 h6 14. Be3 Qb4 15. b3 Rc8 16. Qb1 Na6 17. Ra2 Rc7 18. Nb5 Bxb5 19. axb5 Qxb5 20. Re1 b6 21. Bf1 1-0

[Event "Satu Mare Ferroli op"]
[Site "Satu Mare"]
[Date "2018.11.03"]
[Round "8"]
[White "Ilonczai, Levente David"]
[Black "Marchis, Arghil"]
[Result "1-0"]
[WhiteElo "1978"]
[BlackElo "1838"]
[PlyCount "127"]
[EventDate "2018.10.30"]
[EventType "swiss"]
[EventRounds "9"]
[EventCountry "ROU"]
[SourceTitle "CBM 187 Extra"]
[Source "ChessBase"]
[SourceDate "2018.11.04"]
[SourceVersion "1"]
[SourceVersionDate "2018.11.04"]
[SourceQuality "1"]

1. Nf3 Nf6 2. b3 d5 3. Bb2 Bf5 4. e3 e6 5. d4 Nbd7 6. Nbd2 a5 7. a4 Be7 8. Be2 0-0 9. 0-0 c6 10. Ne5 Nxe5 11. dxe5 Ne4 12. Nxe4 Bxe4 13. Bd3 Bg6 14. Bxg6 fxg6 15. Qg4 Qc8 16. Rfd1 Bc5 17. Rac1 Qe8 18. c4 Rc8 19. cxd5 cxd5 20. Bd4 Qf7 21. Qe2 Ba3 22. Rxc8 Rxc8 23. Qb5 Qc7 24. Bb6 Qc2 25. Rf1 Qc6 26. Qxa5 Bb2 27. Bd4 Bxd4 28. exd4 Kf7 29. h3 b6 30. Qb4 h6 31. Kh2 Ke8 32. Re1 Qc3 33. Qb5+ Qc6 34. Qd3 Qc2 35. Qa6 Qc6 36. Re3 Kf7 37. Qe2 Kg8 38. Qg4 Qe8 39. Rg3 Rc2 40. Qf3 Rc7 41. Qd3 g5 42. Rf3 Qh5 43. Qb5 g4 44. Rg3 gxh3 45. Qxb6 hxg2+ 46. Kxg2 Re7 47. Qd8+ Re8 48. Qf6 g5 49. Rh3 Qg4+ 50. Kh2 Qf4+ 51. Qxf4 gxf4 52. Rxh6 Kg7 53. Rh3 Kg6 54. Rc3 Kf5 55. f3 Rh8+ 56. Kg2 Rg8+ 57. Kf2 Rh8 58. Ke2 Rh2+ 59. Kd1 Ra2 60. Kc1 Ra1+ 61. Kb2 Rd1 62. a5 Rxd4 63. a6 Rd2+ 64. Rc2 1-0

[Event "Satu Mare Ferroli op"]
[Site "Satu Mare"]
[Date "2018.11.01"]
[Round "4"]
[White "Ilonczai, Levente David"]
[Black "Mihalca, Imre Gheorghe"]
[Result "1-0"]
[WhiteElo "1978"]
[BlackElo "1687"]
[PlyCount "111"]
[EventDate "2018.10.30"]
[EventType "swiss"]
[EventRounds "9"]
[EventCountry "ROU"]
[SourceTitle "CBM 187 Extra"]
[Source "ChessBase"]
[SourceDate "2018.11.04"]
[SourceVersion "1"]
[SourceVersionDate "2018.11.04"]
[SourceQuality "1"]

1. d4 d5 2. Nf3 Nf6 3. Bf4 e6 4. e3 Bd6 5. Bg3 Qe7 6. Nbd2 Nbd7 7. Bd3 e5 8. dxe5 Nxe5 9. Nxe5 Bxe5 10. Bxe5 Qxe5 11. c3 c5 12. 0-0 0-0 13. Qc2 Bg4 14. h3 Bh5 15. Rfe1 c4 16. Bf1 Bg6 17. Qa4 a6 18. Qa5 Qd6 19. Rad1 Qc6 20. Nf3 Rfe8 21. Nd4 Qc8 22. Qb6 Rd8 23. Be2 Nd7 24. Qd6 Nc5 25. Qf4 Nd3 26. Bxd3 Bxd3 27. f3 Re8 28. g4 Qd7 29. h4 Rad8 30. Kf2 Re7 31. h5 Qc7 32. a4 Rde8 33. Rh1 Qxf4 34. exf4 Kf8 35. b4 Bc2 36. Ra1 Bd3 37. a5 Re3 38. Ra2 h6 39. f5 f6 40. Ne6+ R3xe6 41. fxe6 Rxe6 42. Re1 Ke7 43. Rxe6+ Kxe6 44. Ke3 Kd6 45. Kd4 Bh7 46. Re2 Bg8 47. Re8 Bf7 48. Rb8 Kc6 49. Rh8 f5 50. Rh7 fxg4 51. fxg4 Kd6 52. Rxg7 Ke6 53. Rh7 Kf6 54. Rxh6+ Kg5 55. Rb6 Kxg4 56. h6 1-0

[Event "Satu Mare Szabo Memorial"]
[Site "Satu Mare"]
[Date "2018.07.24"]
[Round "1"]
[White "Ilonczai, Levente David"]
[Black "Petrisor, Adrian Marian"]
[Result "0-1"]
[WhiteElo "2057"]
[BlackElo "2416"]
[PlyCount "76"]
[EventDate "2018.07.24"]
[EventType "swiss"]
[EventRounds "9"]
[EventCountry "ROU"]
[SourceTitle "CBM 185 Extra"]
[Source "ChessBase"]
[SourceDate "2018.07.29"]
[SourceVersion "1"]
[SourceVersionDate "2018.07.29"]
[SourceQuality "1"]

1. d4 e6 2. e4 d5 3. Nd2 a6 4. Ngf3 c5 5. c3 Nc6 6. Bd3 cxd4 7. cxd4 dxe4 8. Nxe4 Bb4+ 9. Nc3 Nf6 10. 0-0 0-0 11. Bg5 Be7 12. Rc1 h6 13. Be3 Qa5 14. a3 Rd8 15. Qe2 Bd7 16. Rfd1 Be8 17. h3 Rac8 18. Bb1 Bf8 19. Ne4 Nxe4 20. Bxe4 Qh5 21. b4 a5 22. b5 Ne7 23. Bxb7 Rb8 24. Bc6 Nxc6 25. bxc6 Rdc8 26. Qa6 Ra8 27. Qb7 Qd5 28. Qb2 Bxc6 29. Bf4 Qf5 30. Ne5 Bxg2 31. Kxg2 Qxf4 32. Rxc8 Rxc8 33. Rd3 Qe4+ 34. Rf3 Bd6 35. Qb5 Bxe5 36. dxe5 Rc3 37. Qe8+ Kh7 38. Qxf7 Rxa3 0-1

[Event "ROM-chT U20"]
[Site "Iasi"]
[Date "2018.07.16"]
[Round "4.1"]
[White "Ilonczai, Levente David"]
[Black "Salim, Riza"]
[Result "0-1"]
[WhiteElo "2057"]
[BlackElo "2033"]
[PlyCount "60"]
[EventDate "2018.07.13"]
[EventType "team-tourn"]
[EventRounds "6"]
[EventCountry "ROU"]
[SourceTitle "EXT 2019"]
[Source "ChessBase"]
[SourceDate "2018.10.10"]
[SourceVersion "1"]
[SourceVersionDate "2018.10.10"]
[SourceQuality "1"]
[WhiteTeam "Galati CC"]
[BlackTeam "Constanta Juniorul"]
[WhiteTeamCountry "ROU"]
[BlackTeamCountry "ROU"]

1. d4 d5 2. Nc3 Nf6 3. Bf4 Bf5 4. f3 e6 5. g4 Bg6 6. h4 h6 7. e3 c5 8. h5 Bh7 9. Nb5 Na6 10. Bd3 Bxd3 11. Qxd3 Qa5+ 12. Nc3 Rc8 13. Nge2 Nb4 14. Qd2 Be7 15. Kf2 Nd7 16. a3 cxd4 17. exd4 Nc6 18. Kg2 Qd8 19. Qe3 Nb6 20. b3 0-0 21. Rhg1 Re8 22. Kh1 e5 23. Bxe5 Bd6 24. Qd3 Nxe5 25. dxe5 Bxe5 26. Rad1 Qh4+ 27. Kg2 Qh2+ 28. Kf1 Bxc3 29. Rg2 Qh1+ 30. Rg1 Qh3+ 0-1

[Event "ROM-ch U18"]
[Site "Calimanesti"]
[Date "2018.04.02"]
[Round "8"]
[White "Muntianu, Razvan Gavril"]
[Black "Ilonczai, Levente David"]
[Result "1/2-1/2"]
[WhiteElo "1764"]
[BlackElo "2001"]
[PlyCount "91"]
[EventDate "2018.03.27"]
[EventType "swiss"]
[EventRounds "9"]
[EventCountry "ROU"]
[SourceTitle "CBM 183 Extra"]
[Source "ChessBase"]
[SourceDate "2018.04.19"]
[SourceVersion "1"]
[SourceVersionDate "2018.04.19"]
[SourceQuality "1"]

1. d4 f5 2. c4 Nf6 3. Nc3 e6 4. Nf3 Bb4 5. e3 b6 6. Bd3 Bb7 7. Qb3 a5 8. Bd2 0-0 9. a3 Bxc3 10. Bxc3 Ne4 11. Qc2 d6 12. b4 axb4 13. axb4 Rxa1+ 14. Bxa1 Ng5 15. Ke2 Nxf3 16. gxf3 Qh4 17. d5 exd5 18. Qc3 d4 19. Qxd4 Qxd4 20. Bxd4 Nc6 21. Bc3 Ra8 22. Rc1 g6 23. h4 Ra4 24. Bc2 Ra3 25. Bd3 Ra2+ 26. Rc2 Ra4 27. Rb2 Ra3 28. Kd2 Ne5 29. Bxe5 dxe5 30. Be2 Kg7 31. c5 bxc5 32. bxc5 Ba6 33. Bxa6 Rxa6 34. Rb7 Rc6 35. Rb5 Kh6 36. Kc3 g5 37. hxg5+ Kxg5 38. Kc4 h5 39. Rb1 Rh6 40. Kd5 Kf6 41. Rh1 h4 42. Rh3 Rh7 43. Kc6 e4 44. f4 Ke6 45. Rh1 h3 46. Rh2 1/2-1/2

[Event "ROM-ch U18"]
[Site "Calimanesti"]
[Date "2018.03.29"]
[Round "4"]
[White "Vasiesiu, Victor"]
[Black "Ilonczai, Levente David"]
[Result "1-0"]
[WhiteElo "2326"]
[BlackElo "2001"]
[PlyCount "55"]
[EventDate "2018.03.27"]
[EventType "swiss"]
[EventRounds "9"]
[EventCountry "ROU"]
[SourceTitle "CBM 183 Extra"]
[Source "ChessBase"]
[SourceDate "2018.04.19"]
[SourceVersion "1"]
[SourceVersionDate "2018.04.19"]
[SourceQuality "1"]

1. e4 d5 2. exd5 Qxd5 3. Nc3 Qd6 4. d4 c6 5. Ne4 Qe6 6. Qe2 Qd5 7. c4 Qxd4 8. Nf3 Qd8 9. Bg5 Be6 10. Rd1 Qc7 11. Nd4 Nd7 12. Nxe6 fxe6 13. g3 Ngf6 14. Bh3 Nxe4 15. Qxe4 Qe5 16. Qxe5 Nxe5 17. Bf4 Nxc4 18. Bxe6 Nb6 19. 0-0 Nd5 20. Be5 h5 21. Rfe1 Rh6 22. Bxd5 cxd5 23. Rxd5 Rd8 24. Rb5 b6 25. Bf4 Rh7 26. Re6 Kf7 27. Rc6 Rd7 28. Rf5+ 1-0

[Event "ROM-ch U16"]
[Site "Baile Felix"]
[Date "2017.02.09"]
[Round "9"]
[White "Apahidean, Ioan"]
[Black "Ilonczai, Levente David"]
[Result "1/2-1/2"]
[WhiteElo "1701"]
[BlackElo "1903"]
[PlyCount "128"]
[EventDate "2017.02.02"]
[EventType "swiss"]
[EventRounds "9"]
[EventCountry "ROU"]
[SourceTitle "EXT 2018"]
[Source "ChessBase"]
[SourceDate "2017.10.13"]
[SourceVersion "1"]
[SourceVersionDate "2017.10.13"]
[SourceQuality "1"]

1. e4 c5 2. Nf3 e6 3. c4 Nc6 4. Nc3 Nf6 5. Be2 e5 6. 0-0 d6 7. d3 Be7 8. Ne1 0-0 9. f4 a6 10. f5 Nd4 11. Nf3 Rb8 12. a4 Bd7 13. Nd2 b5 14. b3 Qa5 15. Nd5 Nxd5 16. cxd5 Qc3 17. Ba3 Bg5 18. Ra2 Bxd2 19. Qxd2 Qxd2 20. Rxd2 Nxb3 21. Rb2 bxa4 22. Rfb1 Rb7 23. Kf1 Rfb8 24. Ke1 Na5 25. Rxb7 Rxb7 26. Rxb7 Nxb7 27. Kd2 Bb5 28. Kc3 Na5 29. Bf1 Nb3 30. Be2 Nd4 31. Bf1 Kf8 32. Bb2 Ke7 33. Ba3 Kd7 34. Bc1 Kc7 35. Ba3 Kb6 36. Bc1 Bd7 37. Ba3 Ka5 38. Bc1 Kb6 39. Be3 Kb5 40. Bc1 a5 41. Ba3 Kb6 42. Bc1 a3 43. Bxa3 Nb5+ 44. Kb3 Nxa3 45. Kxa3 c4 46. Kb2 cxd3 47. Bxd3 Kc5 48. Kc3 Bb5 49. Bb1 a4 50. Ba2 Bf1 51. g4 Bg2 52. Bb1 a3 53. g5 a2 54. Bxa2 Bxe4 55. f6 gxf6 56. gxf6 Bxd5 57. Bb1 h6 58. h4 Bc6 59. h5 Kd5 60. Ba2+ Ke4 61. Be6 Kf4 62. Bxf7 Kg5 63. Bg6 Kxf6 64. Kc4 Ke6 1/2-1/2

[Event "ROM-ch U16"]
[Site "Baile Felix"]
[Date "2017.02.06"]
[Round "6"]
[White "Ilonczai, Levente David"]
[Black "Miloi, Pavel Dan"]
[Result "1/2-1/2"]
[WhiteElo "1903"]
[BlackElo "1782"]
[PlyCount "66"]
[EventDate "2017.02.02"]
[EventType "swiss"]
[EventRounds "9"]
[EventCountry "ROU"]
[SourceTitle "CBM 176 Extra"]
[Source "ChessBase"]
[SourceDate "2017.03.02"]
[SourceVersion "1"]
[SourceVersionDate "2017.03.02"]
[SourceQuality "1"]

1. e4 c5 2. c3 d5 3. exd5 Qxd5 4. d4 cxd4 5. cxd4 Nc6 6. Nf3 a6 7. Nc3 Qd6 8. d5 Ne5 9. Nxe5 Qxe5+ 10. Be3 Nf6 11. Be2 g6 12. 0-0 Bg7 13. Bf3 0-0 14. Re1 Qd6 15. Bd4 Bf5 16. Qe2 Rfe8 17. a3 h5 18. Be5 Qb6 19. b4 Ng4 20. Bxg7 Kxg7 21. h3 Nf6 22. Rad1 Rac8 23. Na4 Qd6 24. Nc5 Rc7 25. Qb2 Kg8 26. Qe5 Kf8 27. Re2 Qxe5 28. Rxe5 Nd7 29. Nxd7+ Bxd7 30. d6 exd6 31. Rxe8+ Kxe8 32. Rxd6 Ke7 33. Rb6 Bc8 1/2-1/2

[Event "ROM-ch U16"]
[Site "Baile Felix"]
[Date "2017.02.05"]
[Round "5"]
[White "Bobocea, Laurentiu Vlad"]
[Black "Ilonczai, Levente David"]
[Result "1/2-1/2"]
[WhiteElo "1722"]
[BlackElo "1903"]
[PlyCount "47"]
[EventDate "2017.02.02"]
[EventType "swiss"]
[EventRounds "9"]
[EventCountry "ROU"]
[SourceTitle "CBM 176 Extra"]
[Source "ChessBase"]
[SourceDate "2017.03.02"]
[SourceVersion "1"]
[SourceVersionDate "2017.03.02"]
[SourceQuality "1"]

1. d4 d5 2. Nf3 e6 3. g3 f5 4. Bg2 Bd6 5. 0-0 Nf6 6. c4 c6 7. Nc3 Nbd7 8. Qc2 Ne4 9. Rb1 0-0 10. c5 Bc7 11. Bf4 Bxf4 12. gxf4 Rf6 13. e3 Rh6 14. b4 Qe8 15. Ne2 Ndf6 16. a4 Qh5 17. Ng3 Nxg3 18. hxg3 Ne4 19. Rfd1 g5 20. Ne5 g4 21. Kf1 Qe8 22. Bxe4 dxe4 23. Nc4 Rh2 24. Ke2 1/2-1/2

[Event "ROM-ch U16"]
[Site "Baile Felix"]
[Date "2017.02.04"]
[Round "3"]
[White "Padurean, Daniel Cristian"]
[Black "Ilonczai, Levente David"]
[Result "1-0"]
[WhiteElo "2001"]
[BlackElo "1903"]
[PlyCount "61"]
[EventDate "2017.02.02"]
[EventType "swiss"]
[EventRounds "9"]
[EventCountry "ROU"]
[SourceTitle "CBM 176 Extra"]
[Source "ChessBase"]
[SourceDate "2017.03.02"]
[SourceVersion "1"]
[SourceVersionDate "2017.03.02"]
[SourceQuality "1"]

1. e4 c5 2. Nf3 e6 3. c3 d5 4. exd5 Qxd5 5. d4 Nf6 6. Be3 Be7 7. Na3 Nc6 8. Nb5 Qd8 9. dxc5 Nd5 10. Bd4 0-0 11. Bc4 a6 12. Na3 Qa5 13. 0-0 Rd8 14. Bxd5 exd5 15. Nc2 Bf5 16. b4 Qc7 17. Ne3 Be4 18. Re1 f5 19. Nd2 Nxd4 20. cxd4 Bf6 21. Nxe4 dxe4 22. Nxf5 Qf4 23. Nd6 Rxd6 24. cxd6 Qxd6 25. Qb3+ Kh8 26. Rxe4 Rf8 27. Qc3 Qd5 28. Qc5 Qxc5 29. bxc5 Rd8 30. Rd1 h5 31. g3 1-0

[Event "ROM-ch U16"]
[Site "Baile Felix"]
[Date "2017.02.03"]
[Round "2"]
[White "Ilonczai, Levente David"]
[Black "Mongescu, Victor"]
[Result "1/2-1/2"]
[WhiteElo "1903"]
[BlackElo "2016"]
[PlyCount "75"]
[EventDate "2017.02.02"]
[EventType "swiss"]
[EventRounds "9"]
[EventCountry "ROU"]
[SourceTitle "CBM 176 Extra"]
[Source "ChessBase"]
[SourceDate "2017.03.02"]
[SourceVersion "1"]
[SourceVersionDate "2017.03.02"]
[SourceQuality "1"]

1. d4 f5 2. Bf4 Nf6 3. Nc3 e6 4. e3 d6 5. Nf3 g6 6. Bd3 Bg7 7. Qe2 0-0 8. 0-0-0 Qe8 9. h4 Nh5 10. Bc4 Kh8 11. Bh2 a6 12. Bb3 Nc6 13. e4 f4 14. Qd2 Na5 15. e5 Nxb3+ 16. axb3 Bd7 17. exd6 cxd6 18. Ne4 Bc6 19. Nxd6 Qd7 20. Nc4 Bxf3 21. gxf3 Rad8 22. Ne5 Qe7 23. Qe2 Rd5 24. Qe4 Qc7 25. Rhe1 Bxe5 26. dxe5 Rfd8 27. Rxd5 Rxd5 28. Kb1 Qa5 29. b4 Qb6 30. Bxf4 Qxf2 31. Bg5 Rd4 32. Qe3 Qxe3 33. Rxe3 Rxb4 34. Rd3 Kg7 35. Rd7+ Kg8 36. Rd8+ Kf7 37. Rd7+ Kg8 38. Rd8+ 1/2-1/2

[Event "ROM-ch U16"]
[Site "Baile Felix"]
[Date "2017.02.02"]
[Round "1"]
[White "Petrusan, George Cristian"]
[Black "Ilonczai, Levente David"]
[Result "0-1"]
[WhiteElo "1355"]
[BlackElo "1903"]
[PlyCount "108"]
[EventDate "2017.02.02"]
[EventType "swiss"]
[EventRounds "9"]
[EventCountry "ROU"]
[SourceTitle "CBM 176 Extra"]
[Source "ChessBase"]
[SourceDate "2017.03.02"]
[SourceVersion "1"]
[SourceVersionDate "2017.03.02"]
[SourceQuality "1"]

1. d4 f5 2. Bf4 Nf6 3. Nd2 b6 4. f3 Bb7 5. e3 e6 6. Bd3 Nh5 7. Bg3 Qg5 8. f4 Qg6 9. Ne2 Nxg3 10. Nxg3 Bxg2 11. Rg1 Bb7 12. Nf3 Bxf3 13. Qxf3 d5 14. 0-0-0 Qf7 15. c4 g6 16. Kb1 c6 17. Rc1 Qb7 18. h4 Nd7 19. h5 Nf6 20. hxg6 hxg6 21. Nh1 Rh6 22. Nf2 Be7 23. Rh1 Nh5 24. cxd5 exd5 25. Rcg1 0-0-0 26. Qe2 Qd7 27. Ba6+ Kb8 28. Qc2 Qe6 29. Rc1 Rd6 30. Rhe1 Bh4 31. b4 Bxf2 32. Qxf2 Nf6 33. Qc2 Ne4 34. b5 c5 35. dxc5 Nxc5 36. Qc3 Qf6 37. Qxf6 Rxf6 38. Rh1 Rh5 39. Rcg1 Rxh1 40. Rxh1 Nxa6 41. bxa6 b5 42. Rh8+ Kc7 43. Rh7+ Kb6 44. Rd7 Kxa6 45. Rxd5 Re6 46. Rd3 Kb6 47. Kb2 a5 48. Kb3 Kc5 49. a3 b4 50. a4 Rd6 51. Rxd6 Kxd6 52. Kc2 Kd5 53. Kd3 Kc5 54. Kc2 Kc4 0-1

[Event "ROM-ch U16"]
[Site "Calimanesti Caciulata"]
[Date "2016.04.21"]
[Round "4"]
[White "Ilonczai, Levente David"]
[Black "Bretea, Vlad Ionut"]
[Result "1-0"]
[WhiteElo "1836"]
[BlackElo "1630"]
[PlyCount "69"]
[EventDate "2016.04.18"]
[EventType "swiss"]
[EventRounds "9"]
[EventCountry "ROU"]
[SourceTitle "CBM 172 Extra"]
[Source "ChessBase"]
[SourceDate "2016.06.21"]
[SourceVersion "1"]
[SourceVersionDate "2016.06.21"]
[SourceQuality "1"]

1. e4 e5 2. Bc4 Nf6 3. Nc3 Bc5 4. d3 d6 5. Na4 Bb6 6. Nxb6 axb6 7. Bg5 0-0 8. Ne2 Be6 9. Nc3 c6 10. a4 d5 11. Bxf6 gxf6 12. exd5 cxd5 13. Bb5 d4 14. Ne4 f5 15. Ng3 Nd7 16. Bxd7 Bxd7 17. Qh5 Qf6 18. b3 Rfc8 19. Rc1 b5 20. axb5 Ra2 21. 0-0 Raxc2 22. Rxc2 Rxc2 23. Ra1 Rc8 24. Qf3 Qb6 25. Nxf5 Bxf5 26. Qxf5 Rd8 27. h3 Re8 28. Re1 Qxb5 29. Re4 Re6 30. Rxd4 Qxb3 31. Rd8+ Kg7 32. Qg5+ Rg6 33. Qxe5+ Kh6 34. Rd4 Qd1+ 35. Kh2 1-0

[Event "ROM-ch U16"]
[Site "Calimanesti Caciulata"]
[Date "2016.04.19"]
[Round "2"]
[White "Ilonczai, Levente David"]
[Black "David, Cristian"]
[Result "1/2-1/2"]
[WhiteElo "1836"]
[BlackElo "1726"]
[PlyCount "118"]
[EventDate "2016.04.18"]
[EventType "swiss"]
[EventRounds "9"]
[EventCountry "ROU"]
[SourceTitle "CBM 172 Extra"]
[Source "ChessBase"]
[SourceDate "2016.06.21"]
[SourceVersion "1"]
[SourceVersionDate "2016.06.21"]
[SourceQuality "1"]

1. e4 e6 2. d4 d5 3. Nd2 Nf6 4. Bd3 c5 5. c3 Nc6 6. Ngf3 Be7 7. 0-0 Qb6 8. e5 Nd7 9. Re1 a5 10. a4 f5 11. exf6 Nxf6 12. Ng5 cxd4 13. Nxe6 Bxe6 14. Rxe6 dxc3 15. bxc3 0-0 16. Rb1 Qc7 17. Nf3 Bd6 18. h3 Rae8 19. Ng5 h6 20. Bg6 hxg5 21. Bxe8 Rxe8 22. Rxe8+ Nxe8 23. Qxd5+ Qf7 24. Qxf7+ Kxf7 25. Rxb7+ Kf6 26. Rb6 Ne5 27. f4 Kf5 28. Rxd6 Nxd6 29. fxe5 Kxe5 30. Bxg5 Ne4 31. Bd8 Nxc3 32. Bxa5 Nxa4 33. Bb4 Kf5 34. Kf2 Nb6 35. g4+ Ke6 36. h4 Nd5 37. Bd2 Kf6 38. Kf3 g6 39. Ke4 Nc7 40. Ba5 Ne8 41. Kd5 Kf7 42. Ke4 Ke6 43. Kf4 Kf7 44. Kg5 Nd6 45. Bb6 Ne4+ 46. Kf4 Nc3 47. Ba5 Nd5+ 48. Kg5 Nf6 49. Bc7 Nh7+ 50. Kf4 Nf8 51. Bd6 Ne6+ 52. Ke4 Nd8 53. Be5 Ke6 54. h5 gxh5 55. gxh5 Nf7 56. Bg7 Ng5+ 57. Kf4 Nh7 58. h6 Kf7 59. Kf5 Nf8 1/2-1/2

[Event "ROM-ch U14"]
[Site "Calimanesti"]
[Date "2015.04.05"]
[Round "8"]
[White "Ilonczai, Levente David"]
[Black "Trifu, Cristian Antonio"]
[Result "1-0"]
[WhiteElo "1742"]
[BlackElo "1117"]
[PlyCount "37"]
[EventDate "2015.03.30"]
[EventType "swiss"]
[EventRounds "9"]
[EventCountry "ROU"]
[SourceTitle "CBM 165 Extra"]
[Source "ChessBase"]
[SourceDate "2015.04.21"]
[SourceVersion "1"]
[SourceVersionDate "2015.04.21"]
[SourceQuality "1"]

1. e4 e5 2. Bc4 Nf6 3. Nc3 Nc6 4. d3 Bc5 5. f4 d6 6. Nf3 Qe7 7. Na4 Bb6 8. Nxb6 axb6 9. 0-0 Bg4 10. c3 0-0 11. b4 Rad8 12. h3 Bxf3 13. Qxf3 Rfe8 14. f5 h6 15. g4 Nd7 16. Qg3 Kh8 17. g5 Rf8 18. g6 d5 19. Bxh6 1-0